000 00640nam a22002177a 4500
999 _c12964
_d12964
003 MIRAKIL
005 20190315150614.0
008 190315b tu ||||| |||| 00| 0 tur d
020 _a9781594201226
040 _aTR-AnCHP
_cTR-AnCHP
041 _atur
082 _a973.931
_bG66t 2007
100 _aGore, Albert
245 1 0 _aThe assault on reason /
_cAlbert Gore.
260 _aNew York:
_bPenguin Press,
_c2007.
300 _a308 s.:
_c24 sm.
504 _aDizin vardır.
650 0 _95108
_aAmerika Birleşik Devletleri (ABD)
_xSiyaset ve yönetim
650 0 _97
_aDemokrasi
_xAmerika Birleşik Devletleri (ABD)
942 _2ddc
_cBKS